| 000 | 00754nam a22001937a 4500 | ||
|---|---|---|---|
| 005 | 20240926153128.0 | ||
| 010 | _aHIN-128482 | ||
| 020 |
_a9789380347004 _c300.00 |
||
| 035 | _aHN-100828 | ||
| 037 | _bDBAD | ||
| 082 | _a420.0285 | ||
| 100 |
_aप्रकाश, वेद _972040 |
||
| 245 |
_aहिंदी कंप्यूटरी/ _cवेद प्रकाश |
||
| 250 | _aप्रथम | ||
| 260 |
_aदिल्ली _bलोकमित्र _c2016 |
||
| 270 |
_a1/6588,पुर्वी रोहतास नगर शाहदरा,देल्ली _bदिल्ली _e110032 _k9910343376 |
||
| 300 |
_a120पृ. _c23सेमी (सजिल्द) |
||
| 942 |
_2ddc _cHN _h420.0285 _mप्रकाश |
||
| 999 |
_c205919 _d205919 |
||